El Tiempo sagrado : (Record no. 134)

MARC details
000 -LEADER
campo de control de longitud fija 01540cam a2200373 a 4500
001 - NÚMERO DE CONTROL
campo de control 2513522
003 - IDENTIFICADOR DE NÚMERO DE CONTROL
campo de control ZCFGHKOI
005 - FECHA Y HORA DE LA ÚLTIMA TRANSACCIÓN
campo de control 20220326193251.0
008 - DATOS DE LONGITUD FIJA--INFORMACIÓN GENERAL
campo de control de longitud fija 920706s1991 sp b 000 0 spa
010 ## - NÚMERO DE CONTROL DE LA BIBLIOTECA DEL CONGRESO
Número de control de LC 92182101
020 ## - NÚMERO INTERNACIONAL ESTÁNDAR DEL LIBRO
Número Internacional Estándar del Libro 8478904239
040 ## - FUENTE DE CATALOGACIÓN
Centro catalogador/agencia de origen DLC
Centro/agencia transcriptor DLC
Centro/agencia modificador DLC
041 0# - CÓDIGO DE IDIOMA
Código de lengua del texto/banda sonora o título independiente spaeng
043 ## - CÓDIGO DE ÁREA GEOGRÁFICA
Código de área geográfica e------
050 00 - SIGNATURA TOPOGRÁFICA DE LA BIBLIOTECA DEL CONGRESO
Número de clasificación N6758
Número de ítem .T54 1991
082 ## - NÚMERO DE LA CLASIFICACIÓN DECIMAL DEWEY
Número de clasificación 708
Número de ítem IN59t
100 ## - ENTRADA PRINCIPAL--NOMBRE DE PERSONA
Nombre de persona G. Cortes, Jose Miguel
9 (RLIN) 601
245 03 - MENCIÓN DEL TÍTULO
Título El Tiempo sagrado :
Resto del título la mitificación del arte contemporáneo /
Mención de responsabilidad, etc. concebido por José Miguel G. Cortés ; con la colaboración de Juan Vicente Aliaga = Sacred time : the myth of contemporary art / edited by José Miguel G. Cortés ; with the collaboration of Juan Vicente Aliaga.
250 ## - MENCION DE EDICION
Mención de edición 1. ed.
260 ## - PUBLICACIÓN, DISTRIBUCIÓN, ETC.
Lugar de publicación, distribución, etc. [Valencia] :
Nombre del editor, distribuidor, etc. Instituto Valenciano de la Juventud,
Fecha de publicación, distribución, etc. 1991.
300 ## - DESCRIPCIÓN FÍSICA
Extensión 188 p. ;
Dimensiones 21 cm.
500 ## - NOTA GENERAL
Nota general Spanish and English.
500 ## - NOTA GENERAL
Nota general Discussions held at the Instituto Valenciano de Arte Moderno, May 10-11, 1991.
504 ## - NOTA DE BIBLIOGRAFÍA, ETC.
Nota de bibliografía, etc. Includes bibliographical references.
650 #0 - PUNTO DE ACCESO ADICIONAL DE MATERIA--TÉRMINO DE MATERIA
Término de materia o nombre geográfico como elemento de entrada Avant-garde (Aesthetics)
Subdivisión geográfica Europe
Subdivisión general History
Subdivisión cronológica 20th century.
9 (RLIN) 657
650 #0 - PUNTO DE ACCESO ADICIONAL DE MATERIA--TÉRMINO DE MATERIA
Subdivisión geográfica Valencia-España
Subdivisión general arte contemporaneo
-- exhibiciones
9 (RLIN) 658
650 #0 - PUNTO DE ACCESO ADICIONAL DE MATERIA--TÉRMINO DE MATERIA
Término de materia o nombre geográfico como elemento de entrada Art, European
Subdivisión cronológica 20th century.
9 (RLIN) 659
700 1# - ENTRADA AGREGADA--NOMBRE PERSONAL
Nombre de persona Cortés, José Miguel G.
9 (RLIN) 606
700 1# - ENTRADA AGREGADA--NOMBRE PERSONAL
Nombre de persona Aliaga, Juan Vicente.
9 (RLIN) 660
710 2# - ENTRADA AGREGADA--NOMBRE DE ENTIDAD CORPORATIVA
Nombre de entidad corporativa o nombre de jurisdicción como elemento de entrada Institut Valencià d'Art Modern.
9 (RLIN) 661
740 0# - ENTRADA AGREGADA--TÍTULO RELACIONADO/ANALÍTICO NO CONTROLADO
Título relacionado o analítico no controlado Sacred time.
906 ## - ELEMENTOS DE DATOS F LOCAL, LDF (RLIN)
a 7
b cbc
c orignew
d 3
e ncip
f 19
g y-gencatlg
Holdings
Estatus retirado Estado de pérdida Fuente del sistema de clasificación o colocación Estado de daño No para préstamo Biblioteca de origen Biblioteca actual Fecha de adquisición Total de préstamos Signatura topográfica completa Código de barras Visto por última vez Precio de reemplazo Tipo de ítem Koha
    Clasificación Decimal Dewey     Biblioteca LadoV Biblioteca LadoV 19/05/2014   708 IN59t 000113 19/05/2014 19/05/2014 Material 01